00607 2200205 4500001002100000005001700021008004100038035002400079041000800103043001200111082001400123090002400137100001900161245008200180260003800262300003600300650003200336850001200368999002100380YOGYA-0611000000000220110601080944.0 ind  0010-061100000000002 aInd aYOPDYOG a332.95823 aYOG 332.95823 Ban P aBANK INDONESIA aPerkembangan ekonomi keuangan Daerah Propinsi DIY tahun 2001.cBank Indonesia aYogyakartabBank Indonesiac2002. aiv, 44[9] lembarbilus.c29 cm. aEkonomi Keuangan-Yogyakarta aYOPDYOG aCB-D.11 2002-292